Welcome to WEB OPAC of MRSPTU Central Library

Communications say and skill (Record no. 4397)

MARC details
000 -LEADER
fixed length control field 00393nam a2200169Ia 4500
008 - FIXED-LENGTH DATA ELEMENTS--GENERAL INFORMATION
fixed length control field 230711s9999||||xx |||||||||||||| ||und||
041 ## - LANGUAGE CODE
Language code of text/sound track or separate title ENG
082 ## - DEWEY DECIMAL CLASSIFICATION NUMBER
Item number RA-C
100 ## - MAIN ENTRY--PERSONAL NAME
Personal name Rajneesh,Kr
245 #0 - TITLE STATEMENT
Title Communications say and skill
250 ## - EDITION STATEMENT
Edition statement 1st Ed.
260 ## - PUBLICATION, DISTRIBUTION, ETC.
Date of publication, distribution, etc. 2001
Place of publication, distribution, etc. Jalandhar
Name of publisher, distributor, etc. Falcon Books
300 ## - PHYSICAL DESCRIPTION
Extent 185
650 ## - SUBJECT ADDED ENTRY--TOPICAL TERM
Topical term or geographic name entry element COMMUNICATION SKILL
700 ## - ADDED ENTRY--PERSONAL NAME
Personal name Nariander K
942 ## - ADDED ENTRY ELEMENTS (KOHA)
Koha item type Book
Holdings
Withdrawn status Lost status Damaged status Not for loan Collection Home library Current library Date acquired Total checkouts Full call number Barcode Date last seen Price effective from Koha item type
          MRSPTU Central Library MRSPTU Central Library     RA-C 15039 08/17/2023 08/17/2023 Book
          MRSPTU Central Library MRSPTU Central Library     RA-C 15040 08/17/2023 08/17/2023 Book
          MRSPTU Central Library MRSPTU Central Library     RA-C 15041 08/17/2023 08/17/2023 Book
          MRSPTU Central Library MRSPTU Central Library     RA-C 15042 08/17/2023 08/17/2023 Book
          MRSPTU Central Library MRSPTU Central Library     RA-C 15043 08/17/2023 08/17/2023 Book
          MRSPTU Central Library MRSPTU Central Library     RA-C 15044 08/17/2023 08/17/2023 Book
          MRSPTU Central Library MRSPTU Central Library     RA-C 15045 08/17/2023 08/17/2023 Book
          MRSPTU Central Library MRSPTU Central Library     RA-C 15046 08/17/2023 08/17/2023 Book
          MRSPTU Central Library MRSPTU Central Library     RA-C 15047 08/17/2023 08/17/2023 Book
          MRSPTU Central Library MRSPTU Central Library     RA-C 15048 08/17/2023 08/17/2023 Book

Website Designed and Developed by MRSPTU Central Library Team

E-mail Id: librarian@mrsptu.ac.in